Perspectives in nutrition / (Record no. 2458)
[ view plain ]
| 000 -LEADER | |
|---|---|
| fixed length control field | 00788cam a22002414a 4500 |
| 001 - CONTROL NUMBER | |
| control field | 14302514 |
| 005 - DATE AND TIME OF LATEST TRANSACTION | |
| control field | 20241218174925.0 |
| 008 - FIXED-LENGTH DATA ELEMENTS--GENERAL INFORMATION | |
| fixed length control field | 060316s2007 maua b 001 0ceng |
| 020 ## - INTERNATIONAL STANDARD BOOK NUMBER | |
| International Standard Book Number | 0072827505 (hard copy : alk. paper) |
| 020 ## - INTERNATIONAL STANDARD BOOK NUMBER | |
| International Standard Book Number | 9780072827507 |
| 050 00 - LIBRARY OF CONGRESS CALL NUMBER | |
| Classification number | QP141 |
| Item number | .W38 2007 |
| 082 00 - DEWEY DECIMAL CLASSIFICATION NUMBER | |
| Classification number | 612.3 |
| Edition information | 22 |
| 100 1# - MAIN ENTRY--PERSONAL NAME | |
| Personal name | Wardlaw, Gordon M. |
| 245 10 - TITLE STATEMENT | |
| Title | Perspectives in nutrition / |
| Statement of responsibility, etc. | Gordon M. Wardlaw, Jeffrey S. Hampl. |
| 250 ## - EDITION STATEMENT | |
| Edition statement | 7th ed. |
| 260 ## - PUBLICATION, DISTRIBUTION, ETC. | |
| Place of publication, distribution, etc. | Boston : |
| Name of publisher, distributor, etc. | McGraw-Hill Higher Education, |
| Date of publication, distribution, etc. | c2007. |
| 300 ## - PHYSICAL DESCRIPTION | |
| Extent | 1 v. (various pagings) : |
| Other physical details | ill. (chiefly col.) ; |
| Dimensions | 29 cm. |
| 650 #0 - SUBJECT ADDED ENTRY--TOPICAL TERM | |
| Topical term or geographic name entry element | Nutrition. |
| 650 #2 - SUBJECT ADDED ENTRY--TOPICAL TERM | |
| Topical term or geographic name entry element | Nutrition. |
| 700 1# - ADDED ENTRY--PERSONAL NAME | |
| Personal name | Hampl, Jeffrey S. |
| 856 41 - ELECTRONIC LOCATION AND ACCESS | |
| Materials specified | Table of contents |
| Uniform Resource Identifier | <a href="http://www.loc.gov/catdir/toc/ecip0610/2006009096.html">http://www.loc.gov/catdir/toc/ecip0610/2006009096.html</a> |
| 942 ## - ADDED ENTRY ELEMENTS (KOHA) | |
| Source of classification or shelving scheme | Library of Congress Classification |
| Koha item type | Books |
| Edition | 7th ed. |
| Suppress in OPAC | No |
| 999 ## - | |
| -- | 2458 |
| -- | 2458 |
| Withdrawn status | Lost status | Source of classification or shelving scheme | Damaged status | Not for loan | Collection | Home library | Current library | Shelving location | Date acquired | Total checkouts | Full call number | Barcode | Date last seen | Copy number | Price effective from | Koha item type |
|---|---|---|---|---|---|---|---|---|---|---|---|---|---|---|---|---|
| Library of Congress Classification | Non-fiction | Science Library (Miotso) | Science Library (Miotso) | General stacks | 12/18/2024 | QP141 .W38 WAR | SLM00001749 | 12/18/2024 | 1 | 12/18/2024 | Books | |||||
| Library of Congress Classification | Non-fiction | Science Library (Miotso) | Science Library (Miotso) | General stacks | 12/18/2024 | QP141 .W38 WAR | SLM00001750 | 12/18/2024 | 2 | 12/18/2024 | Books | |||||
| Library of Congress Classification | Non-fiction | Science Library (Miotso) | Science Library (Miotso) | General stacks | 01/15/2025 | QP141 .W38 WAR | SLM00001759 | 01/15/2025 | 3 | 01/15/2025 | Books | |||||
| Library of Congress Classification | Non-fiction | Science Library (Miotso) | Science Library (Miotso) | General stacks | 01/15/2025 | QP141 .W38 WAR | SLM00001760 | 01/15/2025 | 4 | 01/15/2025 | Books |